LEADER 04888 am 2200841 n 450 001 9910495917003321 005 20240104030658.0 010 $a2-7574-2842-X 024 7 $a10.4000/books.septentrion.99082 035 $a(CKB)5340000000006352 035 $a(FrMaCLE)OB-septentrion-99082 035 $a(PPN)24889403X 035 $a(EXLCZ)995340000000006352 100 $a20200720j|||||||| ||| 0 101 0 $afre 135 $auu||||||m|||| 200 00$aMédias et élections$fAnaïs Theviot 210 $aVilleneuve d?Ascq$cPresses universitaires du Septentrion$d2020 215 $a1 online resource (256 p.) 311 $a2-7574-2806-3 327 $aUn pre?sident e?lu par les me?dias? / Anai?s Theviot -- Partie 1, Narration des campagnes e?lectorales dans les me?dias dits traditionnels: Le re?cit d'une campagne "rate?e" / Re?mi Lefebvre -- Onze de?bats te?le?vise?s pour une campagne pre?sidentielle / Jacques Gerstle? -- Des hauts et de?bats / E?ric Treille -- Partie 2, Re?seaux sociaux et reconfigurations des "ro?les" : Un me?dia personnel a? disposition de tous les candidats? / Marie Neihouser -- Un pour tous, tous pour un? : les pratiques ine?dites de "coalition" des journalistes fact-checkers franc?ais durant la campagne pre?sidentielle de 2017 / Je?remie Nicey & Laurent Bigot -- "Ni journaliste, ni politique, l'universitaire consultant dans les e?missions en pe?riode e?lectorale : ro?les et strate?gies" : retour d'expe?riences (2002-2017) / Jean-Luc Richard -- Partie 3, Et du co?te? des e?lecteurs la re?ception des campagnes? La re?ception des campagnes: -- Les temporalite?s de la campagne pre?sidentielle de 2017 au prisme des e?lecteurs / Alexandre Borrell [and four others] -- Les modalite?s de suivi d'une campagne e?lectorale ine?dite / Julien Boyadijan & Anai?s Theviot -- Pratiques d'information politique des usagers a? l'e?re nume?rique / Colette Brin -- Une campagne pre?sidentielle de plus? / Christian Le Bart. 330 $aDans un contexte de défiance vis-à-vis des partis et des hommes politiques (éloignement des arènes politiques, brouillage idéologique, affaires politico-financières, « dérives » de la communication politique, etc.), de dénigrement du travail des journalistes (discours « anti-système ») et de la montée en puissance des réseaux sociaux, cet ouvrage interroge le rôle des médias et les spécificités (ou non) du travail des professionnels de la communication politique et des journalistes en période de campagne électorale. L?ambition est notamment de porter le regard sur les reconfigurations liées à l?usage intense des réseaux sociaux, tout en considérant les permanences de certaines pratiques et manières de faire. Cet ouvrage repose sur des étude de cas inédites qui analysent l?actualité très récente, en s?intéressant aux campagnes des primaires, présidentielle et législatives de 2017. In a context of mistrust of parties and politicians (distance from political arenas, ideological jamming, politico-financial affairs, ?drifts? of political communication?), denigration of the work of journalists. 606 $aPolitical Science 606 $amédias 606 $acampagne électorale 606 $aélection 606 $apartis politiques 606 $aprimaire 606 $aTwitter 606 $afake news 606 $afausses informations 606 $ajournalisme 606 $alégislatives 606 $acommunication politique 606 $anarration 606 $aFacebook 606 $aréseaux sociaux 615 4$aPolitical Science 615 4$amédias 615 4$acampagne électorale 615 4$aélection 615 4$apartis politiques 615 4$aprimaire 615 4$aTwitter 615 4$afake news 615 4$afausses informations 615 4$ajournalisme 615 4$alégislatives 615 4$acommunication politique 615 4$anarration 615 4$aFacebook 615 4$aréseaux sociaux 700 $aBart$b Christian Le$01283373 701 $aBigot$b Laurent$01453792 701 $aBorrell$b Alexandre$01288322 701 $aBoyadjian$b Julien$01453793 701 $aBrin$b Colette$01453794 701 $aGerstlé$b Jacques$0162217 701 $aJadot$b Anne$01453795 701 $aLefébure$b Pierre$01453796 701 $aLefebvre$b Rémi$01287479 701 $aNeihouser$b Marie$01250340 701 $aNicey$b Jérémie$01453797 701 $aRichard$b Jean-Luc$01315323 701 $aRoche$b Émilie$01453798 701 $aSécail$b Claire$01289983 701 $aTheviot$b Anaïs$01320745 701 $aTreille$b Éric$01325850 801 0$bFR-FrMaCLE 906 $aBOOK 912 $a9910495917003321 996 $aMédias et élections$93656692 997 $aUNINA LEADER 00514nam 2200169z- 450 001 9910693780503321 035 $a(CKB)4970000000059092 035 $a(EXLCZ)994970000000059092 100 $a20240129c2002uuuu -u- - 101 0 $aeng 200 00$aWelfare reform : with TANF flexibility, states vary in how they implement work requirements and time limits 210 $aWashington, D.C 517 $aWelfare Reform 906 $aDOCUMENT 912 $a9910693780503321 996 $aWelfare reform$93096253 997 $aUNINA LEADER 00742nam a2200229 i 4500 001 991004376432807536 005 20250415095047.0 008 250415s1973 be er 001 0 fre d 040 $aBibl. Dip.le Aggr. Studi Umanistici - Sez. Filosofia$bita$cSocioculturale Scs 041 0 $afre 082 04$a171.5$223 100 1 $aHelvétius, Claude-Adrien$0416398 245 10$aDe l'esprit /$cHelvetius ; présentation de François Châtelet 260 $aVerviers :$bGérard,$c1973 300 $a507 p. ;$c18 cm 490 1 $aMarabout université ;$v237 650 4$aEtica$xUtilitarismo 700 1 $aChâtelet, François 830 0$aMarabout université ;$v237 912 $a991004376432807536 996 $aDe l'esprit$936646 997 $aUNISALENTO